| 000 | 01379nam a22003137a 4500 | ||
|---|---|---|---|
| 003 | OSt | ||
| 005 | 20260413040026.0 | ||
| 008 | 260407b |||||||| |||| 00| 0 eng d | ||
| 040 |
_bEnglish. _cCvSU-CCAT Campus Library. _erda. |
||
| 050 |
_aUM HF 5549.5.E44 _bA23 2023 |
||
| 100 |
_aAbarro, Robin Ace M., author. _920308 |
||
| 245 |
_aA study of ethical employment practices of selected gasoline stations in 1st District of Cavite / _cRobin Ace M. Abarro, Arvin S. Estacion, Shiera V. Ranes. |
||
| 260 |
_aRosario, Cavite : _bCavite State University-CCAT Campus, _c2023. |
||
| 300 |
_aii, 89 leaves : _billustrations ; _c28 cm |
||
| 500 | _aUndergraduate Thesis (BSBA) -- Cavite State University-CCAT Campus, 2023. | ||
| 504 | _aIncludes bibliographical references and appendices. | ||
| 546 | _aIn English text | ||
| 650 |
_aBusiness ethics _91048 |
||
| 650 |
_aEmployee motivation _99546 |
||
| 650 |
_aEmployee relations _920309 |
||
| 650 |
_aGasoline stations -- Employees -- Management _920310 |
||
| 650 |
_aCavite (Philippines) -- Commerce _918868 |
||
| 700 |
_aEstacion, Arvin S., author. _920311 |
||
| 700 |
_aRanes, Shiera V., author. _920312 |
||
| 700 |
_aAmbas, Arman M., adviser. _96624 |
||
| 700 |
_aAbad, Juvie B., technical adviser. _920313 |
||
| 942 |
_2lcc _cT/M/D _hHF 5549.5.E44 A23 2023 _kUM |
||
| 999 |
_c5142 _d5142 |
||